| 000 -LEADER | |
|---|---|
| fixed length control field | 00507nam a22001817a 4500 |
| 005 - DATE AND TIME OF LATEST TRANSACTION | |
| control field | 20230111113809.0 |
| 008 - FIXED-LENGTH DATA ELEMENTS--GENERAL INFORMATION | |
| fixed length control field | 221221b |||||||| |||| 00| 0 eng d |
| 020 ## - INTERNATIONAL STANDARD BOOK NUMBER | |
| ISBN | 818538656-0 |
| 041 ## - LANGUAGE CODE | |
| Language code of text/sound track or separate title | eng |
| 082 ## - DEWEY DECIMAL CLASSIFICATION NUMBER | |
| Classification number | 615.8 FOR - F |
| 100 ## - MAIN ENTRY--AUTHOR NAME | |
| Personal name | FORSTER , ANJELA AND PALASTANGA NIGEL |
| 245 ## - TITLE STATEMENT | |
| Title | FORSTER & PALASTANGA CLAYTON 'S ELECTRO THEORY &PRACTICE |
| 250 ## - EDITION STATEMENT | |
| Edition statement | 9th ed. |
| 260 ## - PUBLICATION, DISTRIBUTION, ETC. (IMPRINT) | |
| Place of publication | DELHI |
| Name of publisher | AJ TBS PUBLISHERS & DISTRIBUTORS |
| Year of publication | 2006 |
| 300 ## - PHYSICAL DESCRIPTION | |
| Number of Pages | 248;P. |
| 650 ## - SUBJECT ADDED ENTRY--TOPICAL TERM | |
| Topical Term | BPT |
| 942 ## - ADDED ENTRY ELEMENTS (KOHA) | |
| Koha item type | Books |
| Lost status | Damaged status | Collection code | Home library | Current library | Shelving location | Date acquired | Source of acquisition | Cost, normal purchase price | Full call number | Accession Number | Koha item type |
|---|---|---|---|---|---|---|---|---|---|---|---|
| PHYSIOTHERAPY | JRU Library | JRU Library | Shelf - 25- D | 19/11/2022 | LOHIA BOOK INTERNATIONAL | 425.00 | 615.8-FOR - F | 27257 | Books | ||
| PHYSIOTHERAPY | JRU Library | JRU Library | SHELF-20-B | 19/11/2022 | LOHIA BOOK INTERNATIONAL | 425.00 | 615.8-FOR - F | 27258 | Books | ||
| Reference | JRU Library | JRU Library | SHELF-20-B | 19/11/2022 | LOHIA BOOK INTERNATIONAL | 425.00 | 615.8-FOR - F | 27259 | Books | ||
| PHYSIOTHERAPY | JRU Library | JRU Library | SHELF-20-B | 19/11/2022 | LOHIA BOOK INTERNATIONAL | 425.00 | 615.8-FOR - F | 27260 | Books | ||
| PHYSIOTHERAPY | JRU Library | JRU Library | SHELF-20-B | 19/11/2022 | LOHIA BOOK INTERNATIONAL | 425.00 | 615.8-FOR - F | 27261 | Books |